Statistics for Countries Closest to Norway

Click here to take the quiz!

General Stats

  • This quiz has been taken 4,955 times
    (4,334 since last reset)
  • The average score is 17 of 20

Answer Stats

kmcountrymiles% Correct
0Finland0
100%
0Sweden0
100%
110Denmark68
99%
0Russia0
99%
327Germany203
98%
293United Kingdom182
97%
575Poland357
96%
554Estonia344
94%
599Latvia372
93%
494Netherlands307
93%
734Belgium456
92%
820France509
92%
645Lithuania401
92%
847Ireland526
90%
973Iceland604
89%
914Belarus568
80%
870Luxembourg541
78%
879Czechia546
73%
579Faroe Islands360
42%
446Greenland277
42%

Score Distribution

Percentile by Number Answered

Percent of People with Each Score

Your Score History

You have not taken this quiz since the last reset